Chanteurs français par photo, années 90'-2000' - Statistiques

Statistiques générales
  • Ce quiz a été pris 2 302 fois
  • Le résultat moyen est 14 sur 20
Statistiques - réponses
Par images Réponse % Correct
Patrick Bruel
98%
Pascal Obispo
93%
Garou
92%
Yannick Noah
92%
Jenifer
90%
Florent Pagny
87%
Patrick Sebastien
87%
Amel Bent
86%
Patrick Fiori
84%
Grégory Lemarchal
80%
Calogero
78%
Matthieu Chedid (M)
70%
Jean-Louis Aubert
59%
Louis Bertignac
59%
Bénabar
56%
Benjamin Biolay
45%
Patricia Kaas
40%
Hugues Aufray
37%
Axelle Red
32%
Alain Bashung
27%
Aucun quiz correspondant
Distribution des résultats
% des personnes avec chaque résultat
Percentile par nombre de réponses
Votre historique - résultats
Vous n’avez pas pris ce quiz